000
00477nam a2200145Ia 4500
008
090122s9999 xx 000 0 und d
082
_b
6580
_a
891.4683
100
_a
शुध्दवैशाख
_b
कल्पना
245
_a
एक नातं असंही
600
_a
शुध्दवैशाख
630
_a
एक नातं असंही
700
_a
शुध्दवैशाख
730
_a
एक नातं असंही
942
_c
BOOK
999
_c
30657
_d
30657